[Event "London cm"]
[Site "?"]
[Date "1991.??.??"]
[Round "?"]
[White "Short, Nigel D"]
[Black "Speelman, Jonathan S"]
[Result "1/2-1/2"]
[WhiteElo "2635"]
[BlackElo "2610"]
[PlyCount "24"]
[EventDate "1991.??.??"]
[Source "www.chesslib.no"]
[SourceDate "2004.05.04"]

1. e4 e5 2. Nc3 Nf6 3. Bc4 Bc5 4. d3 d6 5. f4 Be6 6. Bxe6 fxe6 7. Nf3 exf4 8. Bxf4 O-O 9. Na4 Bb4+ 10. c3 Ba5 11. b4 Bb6 12. Nxb6 axb6 1/2-1/2

[Event "Boston"]
[Site "?"]
[Date "1994.??.??"]
[Round "?"]
[White "Shabalov, A."]
[Black "Wolff, P."]
[Result "1/2-1/2"]
[WhiteElo "2600"]
[BlackElo "2595"]
[PlyCount "86"]
[EventDate "1994.??.??"]
[Source "ChessBase"]
[SourceDate "1994.06.01"]

1. e4 e5 2. Nc3 Nf6 3. Bc4 Bb4 4. f4 Nxe4 5. Qh5 O-O 6. fxe5 d5 7. Nxd5 Nc6 8. Nf3 Be6 9. Ne3 g6 10. Qh6 Nxe5 11. Nxe5 Bxd2+ 12. Ke2 Qf6 13. Bxe6 Qf2+ 14. Kd1 Rad8 15. Bd7 Rfe8 16. Nd3 Rxd7 17. Nxf2 Bxe3+ 18. Nd3 Nf2+ 19. Ke2 Bxc1+ 20. Kxf2 Bxh6 21. Rhe1 Rxe1 22. Rxe1 Kf8 23. Re4 Bg5 24. g4 Rd5 25. Rb4 b6 26. Ra4 a5 27. Rc4 c5 28. a4 f5 29. gxf5 gxf5 30. Ke2 Rd6 31. h4 Re6+ 32. Kf3 Re3+ 33. Kf2 Bh6 34. Nxc5 bxc5 35. Rxc5 f4 36. Rxa5 Rh3 37. Rc5 Rxh4 38. a5 Rh1 39. a6 Ra1 40. Rc6 Bg5 41. b4 Ra3 42. c3 Ke8 43. Kf3 Kd7 1/2-1/2

[Event "Novi Sad ol (Men)"]
[Site "Novi Sad YUG"]
[Date "1990.??.??"]
[Round "12"]
[White "Rogers, Ian"]
[Black "Agdestein, Simen"]
[Result "1/2-1/2"]
[WhiteElo "2515"]
[BlackElo "2600"]
[PlyCount "124"]
[EventDate "1990.11.??"]
[Source "www.chesslib.no"]
[SourceDate "2004.05.04"]

1. e4 e5 2. Bc4 Nf6 3. Nc3 c6 4. Qf3 d6 5. d3 g6 6. h3 Bg7 7. Nge2 Qe7 8. O-O Be6 9. Bb3 Na6 10. Be3 Nb4 11. Rfc1 O-O 12. Bg5 h6 13. Bd2 Bxb3 14. axb3 d5 15. Ng3 Rfd8 16. Nb1 Na6 17. Be3 Nc5 18. Bxc5 Qxc5 19. Nd2 h5 20. Ndf1 Rd7 21. Ne2 Re8 22. Ra4 b5 23. Ra6 Re6 24. c3 Bh6 25. Rca1 dxe4 26. dxe4 Qe7 27. Nc1 Red6 28. b4 Qe6 29. Ne3 Bxe3 30. Qxe3 Qc4 31. Kh2 Rd1 32. Ne2 R1d2 33. Nd4 Rxb2 34. Nxc6 Qxe4 35. Nxe5 Re7 36. Nd3 Qxe3 37. fxe3 Rd2 38. Nc5 Nd5 39. Rd6 Rxe3 40. Nb3 Rb2 41. Rxd5 Rxb3 42. Rxa7 Re2 43. Rxb5 Rxc3 44. Rg5 Rb3 45. b5 Kg7 46. Rc7 Rbb2 47. Rg3 Rf2 48. Kg1 Rf5 49. Rb7 h4 50. Rf3 Rxf3 51. gxf3 g5 52. b6 Kg6 53. Kf1 f6 54. f4 Kf5 55. fxg5 fxg5 56. Rf7+ Ke6 57. Rg7 Kf6 58. Rb7 Kf5 59. Rf7+ Ke6 60. Rg7 Kf6 61. Rb7 Ke5 62. Rg7 Kf6 1/2-1/2

[Event "Gawlikowski mem 18th"]
[Site "?"]
[Date "1999.??.??"]
[Round "?"]
[White "Gdanski Jacek"]
[Black "Rozentalis Eduardas"]
[Result "1/2-1/2"]
[WhiteElo "2530"]
[BlackElo "2577"]
[PlyCount "86"]
[EventDate "1999.??.??"]
[Source "www.chesslib.no"]
[SourceDate "2004.05.04"]

1. e4 e5 2. Nc3 Nf6 3. Bc4 Be7 4. f4 d6 5. Nf3 Nc6 6. d3 O-O 7. O-O Na5 8. Bb3 Nxb3 9. axb3 exf4 10. Bxf4 d5 11. e5 Ne8 12. Qe1 c6 13. Qg3 Bf5 14. Bg5 Nc7 15. Bxe7 Qxe7 16. Nd4 Bg6 17. h4 Ne6 18. Nce2 Nxd4 19. Nxd4 Rae8 20. Rae1 Qc5 21. c3 a5 22. Kh2 Qb6 23. e6 f6 24. h5 Bxh5 25. Nf5 Bg6 26. e7 Rf7 27. Nd6 Rfxe7 28. Nxe8 Rxe8 29. Rxe8+ Bxe8 30. Rxf6 Qd8 31. Re6 Bf7 32. Re1 Bg6 33. Re5 Qf6 34. d4 h6 35. Qf3 Qh4+ 36. Qh3 Qf4+ 37. Qg3 Qf6 38. Qe3 Qh4+ 39. Kg1 Kh7 40. Re7 Be4 41. Rxb7 Qg4 42. Qh3 Qg5 43. Kh2 c5 1/2-1/2

[Event "Karseladze Memorial"]
[Site "Kutaisi"]
[Date "1978.??.??"]
[Round "?"]
[White "Gurgenidze, Bukhuti I"]
[Black "Kholmov, Ratmir D"]
[Result "1/2-1/2"]
[WhiteElo "2510"]
[BlackElo "2540"]
[PlyCount "156"]
[EventDate "1978.??.??"]
[Source "www.chesslib.no"]
[SourceDate "2004.05.04"]

1. e4 e5 2. Nc3 Nf6 3. Bc4 Bc5 4. d3 d6 5. Bg5 h6 6. Bh4 Be6 7. Nge2 Bxc4 8. dxc4 Nc6 9. a3 a6 10. Qd3 Nd4 11. O-O-O g5 12. Bg3 Qe7 13. f3 O-O-O 14. Be1 Nxe2+ 15. Nxe2 Nh5 16. Nc3 Nf4 17. Qf1 Bd4 18. Nd5 Nxd5 19. cxd5 h5 20. Bf2 Bxf2 21. Qxf2 Kb8 22. Rd3 h4 23. Rb3 Rhf8 24. Kb1 f5 25. Qe2 Ka8 26. Rd1 fxe4 27. fxe4 Rc8 28. Rdd3 c5 29. Rb6 c4 30. Rc3 Qc7 31. Qe3 Rf1+ 32. Ka2 Rd1 33. a4 Rd4 34. a5 Qd8 35. Ra3 Rc5 36. c3 Rd3 37. Qf2 Rc7 38. Qf5 Rd2 39. Qg6 Rd7 40. Ra4 Rxg2 41. Rxc4 Rxh2 42. Qe6 Ka7 43. Qg4 Rf2 44. Qg1 Rdf7 45. Rcb4 Ka8 46. Rxb7 Rxb7 47. Qxf2 Qxa5+ 48. Kb3 Rxb4+ 49. cxb4 Qd8 50. Qf5 Kb8 51. Qf1 Kb7 52. Qf5 Kc7 53. Qh3 Qd7 54. Qe3 h3 55. Qxg5 Qh7 56. Qg1 Kb7 57. Qh2 Qxe4 58. Qxh3 Qxd5+ 59. Ka3 Qc6 60. Qh7+ Kb6 61. Qg8 Qf3+ 62. b3 Qd3 63. Qc8 Qf1 64. Ka2 Qg2+ 65. Ka3 Qb7 66. Qe6 Qc6 67. Qg8 Qc1+ 68. Ka2 Qf1 69. Qc8 Qd3 70. Ka3 e4 71. Qb8+ Kc6 72. Qc8+ Kd5 73. Qg8+ Kd4 74. Qg7+ Ke3 75. Qg3+ Kd2 76. Qh2+ Qe2 77. Qxd6+ Ke1 78. Qg3+ Qf2 1/2-1/2

[Event "Yerevan ol (Men)"]
[Site "Yerevan"]
[Date "1996.??.??"]
[Round "9"]
[White "Morovic Fernandez, Ivan"]
[Black "Wong Meng Kong"]
[Result "1-0"]
[WhiteElo "2590"]
[BlackElo "2440"]
[PlyCount "51"]
[EventDate "1996.09.??"]
[Source "www.chesslib.no"]
[SourceDate "2004.05.04"]

1. e4 e5 2. Nc3 Nf6 3. Bc4 Bb4 4. Qf3 O-O 5. Nge2 Nc6 6. O-O Na5 7. d3 Nxc4 8. dxc4 Be7 9. Ng3 d6 10. Nf5 Be6 11. b3 Ne8 12. Bb2 Bf6 13. Rad1 b6 14. Nd5 Bxd5 15. Rxd5 Qc8 16. Rd3 Qe6 17. Qh5 g6 18. Qh6 Bh8 19. Rh3 Nf6 20. f4 gxf5 21. Rff3 Rfe8 22. Rfg3+ Ng4 23. Qxh7+ Kf8 24. exf5 Qf6 25. Qxh8+ Ke7 26. Qh5 1-0

[Event "Las Palmas Open"]
[Site "Las Palmas ESP"]
[Date "1994.??.??"]
[Round "?"]
[White "Rogers, Ian"]
[Black "Rodriguez, Orestes"]
[Result "1-0"]
[WhiteElo "2565"]
[BlackElo "2440"]
[PlyCount "69"]
[EventDate "1994.??.??"]
[Source "www.chesslib.no"]
[SourceDate "2004.05.04"]

1. e4 e5 2. Bc4 Nf6 3. Nc3 Bc5 4. d3 d6 5. Na4 Nbd7 6. Qf3 c6 7. Nxc5 Nxc5 8. b4 Ne6 9. Ne2 a5 10. bxa5 Qxa5+ 11. Bd2 Qc7 12. O-O b5 13. Bb3 c5 14. c3 O-O 15. Ng3 c4 16. Bc2 Nc5 17. d4 Na4 18. h3 Ne8 19. Qe3 Qb6 20. Rfb1 Nc7 21. Bxa4 Rxa4 22. dxe5 Qc6 23. exd6 Qxd6 24. Qf4 Qc6 25. Be3 Rd8 26. Qg5 Ne6 27. Qh4 Bb7 28. f3 Qe8 29. Nf5 Ra3 30. Bd4 Nxd4 31. cxd4 f6 32. d5 Ba6 33. Qf2 Bc8 34. Qc5 Rd3 35. Ne7+ 1-0

[Event "Troll Masters"]
[Site "Gausdal"]
[Date "1996.??.??"]
[Round "1"]
[White "Rogers, Ian"]
[Black "Lejlic, Samir"]
[Result "1/2-1/2"]
[WhiteElo "2580"]
[BlackElo "2420"]
[PlyCount "94"]
[EventDate "1996.??.??"]
[Source "ChessBase"]

1. e4 e5 2. Bc4 Nf6 3. Nc3 Bb4 4. Qf3 O-O 5. Nge2 d6 6. h3 c6 7. O-O Be6 8. Bb3 Nbd7 9. d3 a5 10. Ng3 Bxc3 11. bxc3 d5 12. a4 Nc5 13. Ba3 Nxb3 14. cxb3 Re8 15. c4 Qb6 16. Rab1 Rad8 17. Bc1 dxe4 18. dxe4 Nd7 19. Qc3 Qb4 20. Qxb4 axb4 21. Be3 g6 22. Rfd1 b5 23. cxb5 cxb5 24. axb5 Rb8 25. Rbc1 Rxb5 26. Rc7 Nf6 27. Rd3 Kg7 28. f4 exf4 29. Bxf4 Ra8 30. Ne2 Ne8 31. Rc6 Rb7 32. Nd4 Bd7 33. Rc5 f6 34. e5 Ra6 35. exf6+ Nxf6 36. Re3 Be8 37. Ne6+ Kg8 38. Kh2 Re7 39. Nc7 Rxe3 40. Bxe3 Rd6 41. Rc4 Rd3 42. Bg5 Bf7 43. Rxb4 Nd7 44. Bh6 Bxb3 45. Na6 Be6 46. Nb8 Ne5 47. Re4 Nf7 1/2-1/2

[Event "Bad Woerishofen op"]
[Site "Bad Woerishofen"]
[Date "1997.??.??"]
[Round "9"]
[White "Movsziszian, Karen"]
[Black "Rabiega, Robert"]
[Result "1-0"]
[WhiteElo "2490"]
[BlackElo "2480"]
[PlyCount "109"]
[EventDate "1997.03.07"]
[Source "www.chesslib.no"]
[SourceDate "2004.05.04"]

1. e4 e5 2. Bc4 Nf6 3. Nc3 Bc5 4. d3 h6 5. Be3 Bxe3 6. fxe3 c6 7. Nf3 d6 8. O-O O-O 9. Bb3 Nbd7 10. d4 Re8 11. a4 Qe7 12. Nh4 Nf8 13. Qd2 Be6 14. Nf5 Qd8 15. Bxe6 fxe6 16. dxe5 dxe5 17. Qxd8 Raxd8 18. Nxh6+ gxh6 19. Rxf6 Rd2 20. Rf2 Red8 21. Raf1 a5 22. Rxd2 Rxd2 23. Rf2 Rd6 24. Kf1 Nd7 25. Ke1 Nc5 26. Rd2 Rxd2 27. Kxd2 Kg7 28. b3 Kg6 29. Ke2 Kg5 30. Kf3 Na6 31. Nb1 b5 32. axb5 cxb5 33. Na3 a4 34. Nxb5 axb3 35. cxb3 Nc5 36. Nd6 Nxb3 37. Nf7+ Kg6 38. Nxe5+ Kg5 39. Nc4 Nc5 40. e5 h5 41. Nd6 Nd3 42. Ke4 Nf2+ 43. Kd4 Ng4 44. h3 Nh6 45. g3 Ng8 46. Nf7+ Kg6 47. Nd8 Nh6 48. e4 h4 49. gxh4 Kh5 50. Nxe6 Kxh4 51. Nf4 Kg5 52. e6 Kf6 53. Kd5 Ke7 54. Ke5 Ke8 55. Nd5 1-0

[Event "Sao Paulo zt 2.4"]
[Site "Sao Paulo"]
[Date "2001.??.??"]
[Round "5"]
[White "Oblitas Guerrero, Carlomagno"]
[Black "Lima, Darcy"]
[Result "1/2-1/2"]
[WhiteElo "2404"]
[BlackElo "2550"]
[PlyCount "67"]
[EventDate "2001.06.07"]
[Source "ChessBase"]
[SourceDate "2001.07.03"]

1. e4 Nf6 2. Nc3 e5 3. Bc4 Bb4 4. Nf3 d6 5. d3 Nc6 6. a3 Bxc3+ 7. bxc3 Ne7 8. Bg5 Ng6 9. Nh4 Nxh4 10. Bxh4 h6 11. Rb1 Rb8 12. Qf3 Be6 13. Bb3 c5 14. Bxf6 Qxf6 15. Qxf6 gxf6 16. O-O Ke7 17. Bxe6 fxe6 18. c4 f5 19. exf5 exf5 20. f4 Kf6 21. fxe5+ dxe5 22. Rb5 b6 23. a4 Rhd8 24. g3 Rd4 25. Rfb1 e4 26. Rxc5 bxc5 27. Rxb8 exd3 28. cxd3 Rxd3 29. Rc8 Ra3 30. Rc6+ Kg5 31. Kg2 Rxa4 32. Rxc5 Ra2+ 33. Kh3 a5 34. Rb5 1/2-1/2

[Event "Budapest FS02 GM"]
[Site "Budapest"]
[Date "1998.02.09"]
[Round "3"]
[White "Varga, Zoltan"]
[Black "Borocz, Istvan"]
[Result "1-0"]
[WhiteElo "2520"]
[BlackElo "2430"]
[PlyCount "63"]
[EventDate "1998.02.??"]
[Source "ChessBase"]
[SourceDate "1998.04.29"]

1. e4 e5 2. Nc3 Nf6 3. Bc4 Bc5 4. d3 d6 5. Na4 Nbd7 6. Bg5 c6 7. Nxc5 Nxc5 8. Qf3 h6 9. Bxf6 Qxf6 10. Qxf6 gxf6 11. b4 Ne6 12. Ne2 Rg8 13. O-O Nc7 14. f4 Be6 15. Ng3 d5 16. exd5 cxd5 17. Bb3 a5 18. bxa5 Rxa5 19. Rae1 d4 20. fxe5 fxe5 21. Nf5 Bxb3 22. axb3 Rg6 23. Nxd4 Kf8 24. b4 Rd5 25. Nf3 Re6 26. c4 Rd7 27. Nxe5 Rde7 28. Nf3 b5 29. Rxe6 Rxe6 30. Nd4 Rd6 31. Rf4 Ke7 32. Nf5+ 1-0

[Event "Valjevo"]
[Site "Valjevo"]
[Date "1984.??.??"]
[Round "1"]
[White "Rogers, Ian"]
[Black "Simic, Radoslav"]
[Result "1-0"]
[WhiteElo "2475"]
[BlackElo "2470"]
[PlyCount "83"]
[EventDate "1984.09.??"]
[Source "ChessBase"]

1. e4 e5 2. Bc4 Nf6 3. Nc3 Bc5 4. d3 d6 5. Na4 Bb6 6. Nxb6 axb6 7. Ne2 Be6 8. Bxe6 fxe6 9. O-O O-O 10. f3 d5 11. a3 c5 12. Be3 Nc6 13. c3 c4 14. dxc4 dxc4 15. Qxd8 Rfxd8 16. Rad1 b5 17. Nc1 Kf7 18. Kf2 Ke8 19. Ke2 Rxd1 20. Rxd1 Nd7 21. g3 h6 22. g4 Ke7 23. h4 b6 24. h5 Rh8 25. Na2 Nc5 26. Bf2 Nd3 27. Bxb6 Rb8 28. Bf2 Nxb2 29. Bh4+ Kf7 30. Rd7+ Kg8 31. Rc7 Rb6 32. Rc8+ Kf7 33. Bf2 Ra6 34. Bc5 g5 35. Nb4 Nxb4 36. Bxb4 Nd3 37. Bf8 Ra7 38. Bxh6 Nf4+ 39. Kd2 Rxa3 40. Rc7+ Ke8 41. Bxg5 Ra2+ 42. Kd1 1-0

[Event "Lost Boys op"]
[Site "Antwerp"]
[Date "1999.08.01"]
[Round "3"]
[White "Buchnicek, Petr"]
[Black "Zoler, Dan"]
[Result "0-1"]
[WhiteElo "2413"]
[BlackElo "2529"]
[PlyCount "92"]
[EventDate "1999.07.30"]
[Source "www.chesslib.no"]
[SourceDate "2004.05.04"]

1. e4 e5 2. Nc3 Nf6 3. Bc4 Bc5 4. d3 d6 5. Bg5 c6 6. Qd2 a5 7. a4 h6 8. Be3 Bb4 9. Nge2 Nbd7 10. O-O d5 11. exd5 cxd5 12. Ba2 d4 13. Bxd4 exd4 14. Nxd4 O-O 15. Qf4 Nb6 16. Bb3 g5 17. Qe3 Bc5 18. Ncb5 Re8 19. Ne6 Bxe6 20. Qxc5 Bxb3 21. cxb3 Rc8 22. Qf5 Nbd5 23. h4 gxh4 24. Rae1 Qd7 25. Qxd7 Nxd7 26. Nd6 Rxe1 27. Rxe1 Rc7 28. Re8+ Kg7 29. Nc4 b6 30. Re4 N7f6 31. Rxh4 Rc6 32. Rh3 Re6 33. Kf1 Nd7 34. d4 N7f6 35. Rg3+ Kf8 36. Ne5 Nb4 37. Rc3 Nfd5 38. Rc8+ Kg7 39. Rd8 f6 40. Nc4 Kg6 41. Rg8+ Kh7 42. Rb8 h5 43. g3 Kg6 44. Rg8+ Kf5 45. f3 h4 46. gxh4 Nd3 0-1

[Event "Erandio Open 11th"]
[Site "?"]
[Date "2002.12.29"]
[Round "8.1"]
[White "Pilgaard Kim"]
[Black "Janev Evgeni"]
[Result "1/2-1/2"]
[WhiteElo "2432"]
[BlackElo "2473"]
[PlyCount "31"]
[EventDate "2002.??.??"]
[Source "www.chesslib.no"]
[SourceDate "2004.05.04"]

1. e4 Nf6 2. Nc3 e5 3. Bc4 d6 4. d3 c6 5. f4 Be7 6. Nf3 exf4 7. Bxf4 O-O 8. Bb3 Na6 9. d4 Be6 10. O-O Bxb3 11. axb3 d5 12. exd5 Nxd5 13. Nxd5 Qxd5 14. c3 Rae8 15. b4 Bd8 16. Qd2 1/2-1/2

[Event "Leutersdorf op 6th"]
[Site "?"]
[Date "2001.02.14"]
[Round "6"]
[White "Starostits Ilmars"]
[Black "Slobodjan Roman"]
[Result "1/2-1/2"]
[WhiteElo "2355"]
[BlackElo "2532"]
[PlyCount "39"]
[EventDate "2001.??.??"]
[Source "www.chesslib.no"]
[SourceDate "2004.05.04"]

1. e4 e5 2. Nc3 Nf6 3. Bc4 c6 4. d4 Bb4 5. dxe5 Nxe4 6. Qf3 d5 7. exd6 Nxd6 8. Bd3 Nd7 9. Qf4 Qa5 10. Bd2 Qe5+ 11. Kf1 Qxf4 12. Bxf4 Nf6 13. a3 Bxc3 14. bxc3 Ke7 15. Nf3 Rd8 16. Re1+ Kf8 17. h3 c5 18. Be5 h6 19. Nd2 Nfe8 20. g4 1/2-1/2

[Event "Corr"]
[Site "?"]
[Date "1997.07.14"]
[Round "?"]
[White "Andersen Jens (GER)"]
[Black "Kingso Svend (DEN)"]
[Result "1/2-1/2"]
[WhiteElo "2455"]
[BlackElo "2430"]
[PlyCount "47"]
[EventDate "1997.??.??"]
[Source "www.chesslib.no"]
[SourceDate "2004.05.04"]

1. e4 e5 2. Nc3 Nf6 3. Bc4 Bb4 4. f4 Nxe4 5. Qh5 O-O 6. Nxe4 d5 7. Ng5 h6 8. Be2 hxg5 9. fxe5 g6 10. Qh6 Re8 11. Nf3 Bf8 12. Qxg5 Qxg5 13. Nxg5 Nc6 14. c3 Nxe5 15. O-O Bf5 16. d4 f6 17. dxe5 Rxe5 18. Bf3 fxg5 19. Bxg5 Bc5+ 20. Kh1 c6 21. Bf4 Re6 22. Rae1 Rae8 23. Rxe6 Rxe6 24. h3 1/2-1/2

[Event "Madonna di Campiglio"]
[Site "Madonna di Campiglio"]
[Date "1973.??.??"]
[Round "?"]
[White "Torre, Eugenio"]
[Black "Lengyel, Levente"]
[Result "1/2-1/2"]
[WhiteElo "2430"]
[BlackElo "2450"]
[PlyCount "63"]
[EventDate "1973.??.??"]
[Source "www.chesslib.no"]
[SourceDate "2004.05.04"]

1. e4 e5 2. Nc3 Nf6 3. Bc4 Bb4 4. d3 d5 5. exd5 Nxd5 6. Bd2 Nxc3 7. bxc3 Bd6 8. Qh5 O-O 9. Nf3 Qf6 10. Rb1 Nd7 11. Ng5 Qf5 12. g4 Qg6 13. Qxg6 hxg6 14. f3 Nb6 15. Bb3 c6 16. h4 Be7 17. h5 gxh5 18. Rxh5 Nd5 19. Kf2 Bxg5 20. Bxg5 f6 21. Bd2 Be6 22. Bxd5 cxd5 23. Rxb7 Rfb8 24. Rb3 Bd7 25. d4 Be8 26. Rh1 Ba4 27. Rxb8+ Rxb8 28. dxe5 fxe5 29. Rh5 Re8 30. f4 Bxc2 31. Rxe5 Rxe5 32. fxe5 1/2-1/2

[Event "Moscow-ch"]
[Site "Moscow"]
[Date "1982.??.??"]
[Round "10"]
[White "Lutikov, Anatoly S"]
[Black "Averbakh, Yuri L"]
[Result "1/2-1/2"]
[WhiteElo "2390"]
[BlackElo "2490"]
[PlyCount "33"]
[EventDate "1982.02.??"]
[Source "ChessBase"]

1. e4 e5 2. Nc3 Nf6 3. Bc4 Bb4 4. d3 d6 5. Nge2 Be6 6. O-O Bxc4 7. dxc4 Bxc3 8. Nxc3 Nbd7 9. Be3 O-O 10. f3 a5 11. Rf2 b6 12. Nd5 Nxd5 13. cxd5 f5 14. exf5 Rxf5 15. Qd3 Rf7 16. Raf1 Qe7 17. Qe4 1/2-1/2

[Event "Cappelle Open"]
[Site "Cappelle la Grande FRA"]
[Date "1994.??.??"]
[Round "5"]
[White "Carlier, Bruno"]
[Black "Baburin, Alexander E"]
[Result "1/2-1/2"]
[WhiteElo "2355"]
[BlackElo "2520"]
[PlyCount "97"]
[EventDate "1994.02.??"]
[Source "www.chesslib.no"]
[SourceDate "2004.05.04"]

1. e4 Nf6 2. Nc3 e5 3. Bc4 Bc5 4. d3 d6 5. Na4 Bb6 6. Nxb6 axb6 7. f4 Be6 8. Bxe6 fxe6 9. fxe5 dxe5 10. Nf3 Nc6 11. O-O O-O 12. Bg5 Qe8 13. Nd2 Qg6 14. Bxf6 Rxf6 15. Rxf6 gxf6 16. c3 Qh6 17. Qe2 Ne7 18. d4 Ng6 19. Nf3 Nf4 20. Qf2 Kh8 21. Kh1 Rg8 22. Rg1 Qh5 23. Qe3 Rg3 24. Qf2 Rg4 25. dxe5 fxe5 26. Qd2 Rg8 27. g4 Qg6 28. Re1 Qg7 29. Rd1 Rf8 30. Qd8 Nd5 31. Qg5 Rxf3 32. Qxg7+ Kxg7 33. exd5 Rf2 34. dxe6 Kf6 35. Rd7 Kxe6 36. Rxh7 e4 37. Kg1 Rxb2 38. Rh3 Rxa2 39. Rg3 Kf6 40. h4 Ke5 41. g5 Kf4 42. Rg2 Rxg2+ 43. Kxg2 Kf5 44. c4 c6 45. Kf2 b5 46. cxb5 cxb5 47. Ke3 b4 48. g6 Kxg6 49. Kxe4 1/2-1/2

[Event "Sarajevo"]
[Site "Sarajevo"]
[Date "1981.??.??"]
[Round "10"]
[White "Arapovic, Vitomir"]
[Black "Kurajica, Bojan"]
[Result "0-1"]
[WhiteElo "2380"]
[BlackElo "2495"]
[PlyCount "70"]
[EventDate "1981.03.??"]
[Source "ChessBase"]

1. e4 e5 2. Nc3 Nf6 3. Bc4 Bb4 4. a3 Bxc3 5. dxc3 d6 6. Bg5 h6 7. Bh4 Be6 8. Qe2 Nbd7 9. Nf3 Qe7 10. Nd2 O-O-O 11. f3 Kb8 12. b4 Bxc4 13. Nxc4 g5 14. Bf2 d5 15. Na5 Qe6 16. O-O Rhg8 17. c4 dxe4 18. fxe4 b6 19. c5 bxa5 20. Qb5+ Ka8 21. c6 Rb8 22. Qa6 Nb6 23. Kh1 Nxe4 24. Bg1 Qxc6 25. Rxf7 Rgf8 26. Raf1 Rxf7 27. Rxf7 Nd6 28. Re7 axb4 29. axb4 e4 30. Re5 Re8 31. Rc5 Qb7 32. Qa1 e3 33. h3 Nd5 34. c4 Nf4 35. Qa2 e2 0-1

[Event "Oberliga Bayern 9394"]
[Site "Bayern"]
[Date "1993.??.??"]
[Round "?"]
[White "Andersen, Jens Knud"]
[Black "Velicka, Petr"]
[Result "1/2-1/2"]
[WhiteElo "2515"]
[BlackElo "2360"]
[PlyCount "32"]
[EventDate "1993.10.??"]
[Source "www.chesslib.no"]
[SourceDate "2004.05.04"]

1. e4 Nf6 2. Nc3 e5 3. Bc4 Bb4 4. d3 d5 5. exd5 Nxd5 6. Bd2 Nxc3 7. bxc3 Bd6 8. Qh5 Qf6 9. Nf3 O-O 10. Ng5 Qg6 11. Qxg6 hxg6 12. O-O Be7 13. Rae1 Nc6 14. Bd5 Bd7 15. Bxc6 Bxc6 16. Rxe5 Bxg5 1/2-1/2

[Event "Tatran Cup"]
[Site "Stary Smokovec SVK"]
[Date "1987.??.??"]
[Round "?"]
[White "Plachetka, Jan"]
[Black "Knezevic, Milorad"]
[Result "1/2-1/2"]
[WhiteElo "2435"]
[BlackElo "2435"]
[PlyCount "26"]
[EventDate "1987.10.??"]
[Source "www.chesslib.no"]
[SourceDate "2004.05.04"]

1. e4 e5 2. Nc3 Nf6 3. Bc4 Be7 4. d3 O-O 5. f4 d6 6. Nf3 Nc6 7. f5 Na5 8. Bb3 c6 9. Bg5 Nxb3 10. axb3 Nd7 11. Bxe7 Qxe7 12. Qe2 Re8 13. g4 Nb6 1/2-1/2

[Event "Quito Copa Saeta 1st"]
[Site "?"]
[Date "1997.??.??"]
[Round "13"]
[White "Ricaurte Lopez Juan Carlos"]
[Black "Vasquez Ramirez Rocio"]
[Result "0-1"]
[WhiteElo "2390"]
[BlackElo "2480"]
[PlyCount "62"]
[EventDate "1997.??.??"]
[Source "www.chesslib.no"]
[SourceDate "2004.05.04"]

1. e4 e5 2. Nc3 Nf6 3. Bc4 Be7 4. d3 c6 5. f4 d6 6. Nf3 exf4 7. Bxf4 O-O 8. O-O Qb6+ 9. d4 Qxb2 10. Qd3 Qb6 11. e5 d5 12. Bb3 Ne8 13. Bg5 Qd8 14. Bxe7 Qxe7 15. Bxd5 cxd5 16. Nxd5 Qd8 17. c4 Nc6 18. h4 h6 19. Rab1 Rb8 20. Ne3 f6 21. exf6 Nxf6 22. d5 Ng4 23. Qc3 Qa5 24. Qd3 Qc5 25. dxc6 Nxe3 26. Rb5 Qxc4 27. Qxc4+ Nxc4 28. c7 Ra8 29. Rc1 a6 30. Rc5 b5 31. a4 Nb2 0-1

[Event "2nd Agzamov Memorial"]
[Site "Tashkent UZB"]
[Date "2008.03.25"]
[Round "6"]
[White "Saidov, B."]
[Black "Iuldachev, S."]
[Result "0-1"]
[WhiteElo "2329"]
[BlackElo "2526"]
[PlyCount "94"]
[EventDate "2008.03.19"]
[Source "www.chesslib.no"]
[SourceDate "2004.05.04"]

1. e4 e5 2. Nc3 Nf6 3. Bc4 Bb4 4. Nf3 d6 5. Nd5 Nxd5 6. Bxd5 O-O 7. c3 Ba5 8. d4 c6 9. Bb3 Qf6 10. dxe5 dxe5 11. Bg5 Qg6 12. Qe2 Be6 13. h4 Bxb3 14. axb3 Bc7 15. h5 Qe6 16. Nh4 Bd8 17. Bxd8 Rxd8 18. Nf5 Na6 19. Qe3 Rd7 20. Rd1 Rxd1+ 21. Kxd1 Rd8+ 22. Kc2 Qd7 23. Kb1 Nc7 24. Rh3 Ne6 25. Rg3 Kh8 26. Nxg7 Qd1+ 27. Ka2 Nf4 28. Qf3 Qc2 29. Qg4 Nd3 30. Rxd3 Qxd3 31. c4 Qd1 32. Qxd1 Rxd1 33. Ne8 Rd2 34. f3 b6 35. b4 h6 36. Kb3 Kg8 37. c5 bxc5 38. bxc5 Rxg2 39. Nd6 Rf2 40. Nc8 Rxf3+ 41. Ka4 f5 42. exf5 e4 43. Kb4 Rd3 44. Kc4 Rd2 45. Ne7+ Kf8 46. Ng6+ Ke8 47. Kc3 Rd5 0-1

[Event "Cappelle Open"]
[Site "Cappelle la Grande FRA"]
[Date "1993.??.??"]
[Round "2"]
[White "Gdanski, Jacek"]
[Black "Gretarsson, Helgi A"]
[Result "1-0"]
[WhiteElo "2480"]
[BlackElo "2370"]
[PlyCount "129"]
[EventDate "1993.02.??"]
[Source "www.chesslib.no"]
[SourceDate "2004.05.04"]

1. e4 e5 2. Nc3 Nf6 3. Bc4 Bc5 4. d3 d6 5. Na4 O-O 6. Nxc5 dxc5 7. Ne2 Bg4 8. f3 Be6 9. Bxe6 fxe6 10. Be3 Qd6 11. O-O Nc6 12. Nc1 Nh5 13. Nb3 b6 14. Nd2 Rf7 15. g3 Raf8 16. Kg2 h6 17. a3 a5 18. Nc4 Qd8 19. a4 g5 20. Qe2 Rg7 21. Kh1 Qe8 22. c3 Kh7 23. Rf2 Qg6 24. Raf1 Nf6 25. Qd1 Rd8 26. Rd2 Rgd7 27. Qe2 Kh8 28. Rg1 g4 29. Rf1 Kg7 30. Kg1 gxf3 31. Qxf3 Rf7 32. Rdf2 Rdf8 33. h3 Kh7 34. g4 h5 35. g5 Kg7 36. Qg3 Nd7 37. Kg2 Rxf2+ 38. Rxf2 Rxf2+ 39. Kxf2 Qe8 40. Ke2 Kg6 41. Qf3 Qh8 42. h4 Nd8 43. Bf2 Nf7 44. Bg3 Nd6 45. Nd2 Qd8 46. Qe3 Qh8 47. Nf3 Qg7 48. Bh2 Qh8 49. Qd2 Nf7 50. b4 Qa8 51. Qa2 Qc6 52. bxa5 bxa5 53. c4 Qb7 54. Bg3 Qb6 55. Qc2 Kh7 56. Ke3 Kg6 57. Qc3 Qb4 58. Qa1 Qb3 59. Bxe5 Qc2 60. Bxc7 e5 61. Bxa5 Qg2 62. Bd2 Nh6 63. gxh6 Nf6 64. Nxe5+ Kxh6 65. Qe1 1-0

[Event "III Aberto Vila de Marín"]
[Site "Pontevedra"]
[Date "2003.07.18"]
[Round "4.2"]
[White "Perez, Luis Manuel"]
[Black "Janev, Eugenij"]
[Result "1/2-1/2"]
[WhiteElo "2408"]
[BlackElo "2440"]
[PlyCount "101"]
[EventDate "2003.07.15"]
[Source "Roberto Alvarez"]
[SourceDate "2003.09.15"]

1. e4 Nf6 2. Nc3 e5 3. Bc4 d6 4. d3 Be6 5. Bxe6 fxe6 6. f4 exf4 7. Bxf4 Be7 8. e5 dxe5 9. Bxe5 Nc6 10. Qe2 Nxe5 11. Qxe5 Qd6 12. Nf3 Qxe5+ 13. Nxe5 Bd6 14. Nf3 Kd7 15. O-O Rhf8 16. a3 b6 17. Rae1 Rae8 18. g3 Rf7 19. Kg2 Ref8 20. Nb5 a6 21. Nbd4 Re8 22. Ne5+ Bxe5 23. Rxe5 Kd6 24. Re2 c5 25. Nf3 Nd7 26. Rfe1 Rfe7 27. Nd2 b5 28. Ne4+ Kc6 29. Rf1 Rf8 30. Rfe1 Rfe8 31. b4 a5 32. bxc5 Nxc5 33. Nxc5 Kxc5 34. Re5+ Kc6 35. Rb1 Rb7 36. d4 Rc8 37. c4 Kd7 38. cxb5 Rc2+ 39. Kf3 Kd6 40. b6 a4 41. Ke4 Rc3 42. Ra5 Rxa3 43. d5 exd5+ 44. Kd4 Ra2 45. Rxd5+ Kc6 46. Rc5+ Kd6 47. Rc3 Rxh2 48. Kc4 Kc6 49. Kd4+ Kd6 50. Kc4 Kc6 51. Kd4+ 1/2-1/2

[Event "POL-ch"]
[Site "POL"]
[Date "1992.??.??"]
[Round "1"]
[White "Przewoznik, Jan"]
[Black "Panczyk, Krzysztof"]
[Result "1-0"]
[WhiteElo "2415"]
[BlackElo "2425"]
[PlyCount "81"]
[EventDate "1992.??.??"]
[Source "ChessBase"]

1. e4 e5 2. Nc3 Nf6 3. Bc4 Bb4 4. a3 Ba5 5. Qf3 O-O 6. Nge2 Nc6 7. O-O d6 8. d3 Nd4 9. Nxd4 exd4 10. b4 Bb6 11. Na4 Bg4 12. Qg3 Qd7 13. Nxb6 axb6 14. Bb2 c5 15. c3 b5 16. Bb3 Nh5 17. Qh4 Nf4 18. cxd4 Ne2+ 19. Kh1 Nxd4 20. Bxd4 cxd4 21. f3 Be6 22. Bd5 Rfe8 23. Bxe6 fxe6 24. e5 dxe5 25. Rfe1 Rac8 26. Rxe5 Rc3 27. Qe4 Rec8 28. h3 R8c6 29. Kh2 Ra6 30. f4 Rd6 31. Re1 g6 32. h4 Rxa3 33. h5 Qf7 34. hxg6 hxg6 35. Rg5 e5 36. fxe5 Re6 37. Qxd4 Ra2 38. Qe4 Kg7 39. d4 Rea6 40. e6 Qf6 41. Rg3 1-0